Collision course (Record no. 76814)
[ view plain ]
| 000 -LEADER | |
|---|---|
| fixed length control field | 01164cab a2200217 4500 |
| 001 - CONTROL NUMBER | |
| control field | ##L133127 |
| 008 - FIXED-LENGTH DATA ELEMENTS--GENERAL INFORMATION | |
| fixed length control field | 060413n2006 000 0 eng u |
| 035 ## - SYSTEM CONTROL NUMBER | |
| System control number | (Sirsi) u133127 |
| 041 0# - LANGUAGE CODE | |
| Language code of text/sound track or separate title | eng |
| 100 1# - MAIN ENTRY--PERSONAL NAME | |
| Personal name | Kucharek, Jan-Carlos |
| 245 00 - TITLE STATEMENT | |
| Title | Collision course |
| 260 ## - PUBLICATION, DISTRIBUTION, ETC. | |
| Date of publication, distribution, etc. | 2006 |
| 490 #0 - SERIES STATEMENT | |
| Series statement | RIBA Journal |
| Volume/sequential designation | 113(4) April 2006, 58-60(3) |
| 520 ## - SUMMARY, ETC. | |
| Summary, etc. | Digital Project, an integrated building information modelling (BIM) system, can be accessed and modified by all project consultants and enables potential structure and service problems to be dealt with at an early stage; it also has the ability to generate significant cost savings. The software has been used on a number of major projects, including Heathrow Terminal 5. Take-up of BIM has however generally been slow in the construction sector, principally because the industry is reluctant to take a holistic view, and also because of concerns about the cost of the technology. |
| 590 ## - LOCAL NOTE (RLIN) | |
| Local note | IKA250406 |
| 650 24 - SUBJECT ADDED ENTRY--TOPICAL TERM | |
| Topical term or geographic name entry element | BUILDING INFORMATION MODELLING |
| 650 24 - SUBJECT ADDED ENTRY--TOPICAL TERM | |
| Topical term or geographic name entry element | BIM |
| 9 (RLIN) | 6219 |
| 690 ## - LOCAL SUBJECT ADDED ENTRY--TOPICAL TERM (OCLC, RLIN) | |
| Topical term or geographic name as entry element | BUILT ENVIRONMENT-CONSTRUCTION MANAGEMENT-CONSTRUCTION DESIGN AND MANAGEMENT |
| 690 ## - LOCAL SUBJECT ADDED ENTRY--TOPICAL TERM (OCLC, RLIN) | |
| Topical term or geographic name as entry element | BIM |
| 9 (RLIN) | 6219 |
| 942 ## - ADDED ENTRY ELEMENTS (KOHA) | |
| Suppress in OPAC | 0 |
| Withdrawn status | Lost status | Source of classification or shelving scheme | Damaged status | Not for loan | Home library | Current library | Shelving location | Date acquired | Total Checkouts | Full call number | Barcode | Date last seen | Copy number | Price effective from | Koha item type |
|---|---|---|---|---|---|---|---|---|---|---|---|---|---|---|---|
| Dewey Decimal Classification | London | London | Journal article | 13/04/2006 | L133127 | 133127-1001 | 06/08/2019 | 1 | 06/08/2019 | Journal article |